Factors Negatively Affecting the Quality of Work of Pti Technicians - the Case of the Slovak Republic
Autori skúmajú negatívny vplyv objektívnych a subjektívnych faktorov na kvalitu práce technikov staníc periodickej technickej kontroly (PTI). V tejto súvislosti autori uskutočnili prieskum medzi technikmi PTI a prevádzkovateľmi vozidiel. Z výsledkov formulovaných v článku vyplynulo, že kvalitu práce...
Gespeichert in:
| 1. Verfasser: | |
|---|---|
| Weitere Verfasser: | |
| Format: | Buchkapitel |
| Sprache: | Englisch |
| Schlagworte: | |
| Tags: |
Keine Tags, Fügen Sie das erste Tag hinzu!
|
MARC
| LEADER | 00000naa a2200000 4500 | ||
|---|---|---|---|
| 001 | 0306099 | ||
| 005 | 20250113104052.4 | ||
| 041 | 0 | |a eng | |
| 044 | |a SK | ||
| 245 | 1 | 0 | |a Factors Negatively Affecting the Quality of Work of Pti Technicians - the Case of the Slovak Republic |c Juraj Hudec, Branislav Šarkan |
| 520 | |a Autori skúmajú negatívny vplyv objektívnych a subjektívnych faktorov na kvalitu práce technikov staníc periodickej technickej kontroly (PTI). V tejto súvislosti autori uskutočnili prieskum medzi technikmi PTI a prevádzkovateľmi vozidiel. Z výsledkov formulovaných v článku vyplynulo, že kvalitu práce technikov PTI a tým aj celého PTI negatívne ovplyvňuje najmä vysoká miera subjektivity zverená technikom PTI pri hodnotení technického stavu vozidiel (94,12 % ) a z toho vyplývajúci priestor pre nesprávne úsudky a ovplyvňovanie výsledku PTI (korupcia, známosti) a prístup vlastníkov PTI (ovplyvňovanie výsledkov technických kontrol zo strachu zo straty zákazníkov, tlak na kvantitu nad kvalitu, spôsob odmeňovania technikov PTI atď.). Autori tiež navrhujú niektoré opatrenia na zlepšenie kvality činností PTI. | ||
| 610 | 2 | 0 | |a vozidlá motorové |
| 610 | 2 | 0 | |a kontrola technická |
| 610 | 2 | 0 | |a postoje |
| 610 | 2 | 0 | |a kvalita |
| 610 | 2 | 0 | |a korupcia |
| 100 | 1 | |a Hudec, Juraj | |
| 700 | 1 | |a Šarkan, Branislav | |